01778nam a2200241Ia 4500001000600000003000900006008004100015040001300056040001300069041001300082100001900095100002900114245007000143245007000213250001100283260001100294260001800305260004900323300005500372500105800427650002001485650003101505G9960IT-RoPAU130308s9999 xx 000 0 und d aIT-RoPAU cIT-RoPAU aFRANCESE aAubert Laurent gCodice Aut. SPICS: 56234 aMusique de l'autre (La). Les nouveaux defis de l'ethnomusicologie bMusique de L'Autre (La). Les Nouveaux Defis de L'Ethnomusicologie a1a ed. aGENEVE bGeorg Editeur c2001 [1° Ed.:2001 - Ed.Ling.Originale:2001] a"170 p. (prefazione: 8; testo: 162 [pagine: 0-0])" aMusica dell'Altro: nuove sfide dell'Etnomusicologia. L'Irruzione Massiva della Musica del Mondo nel Nostro Ambiente Culturale è un fenomeno Recente.Conseguenza del Vasto Processo di mondializzazione che Caratterizza l'epoca Contemporanea, Legata All'Accelerazione dei flussi migratori e Allo sforzo delle industrie del turismo e Allo Sviluppo delle tecnologie della Comunicazione. ruolo che Occupano queste musiche Venute Dall'Esterno e Quale Influenza Esercitano Sui Nostri Valori, le nostre Abitudini e le nostre Pratiche Culturali. Musica degli Altri: Paradossi di una Società Multiculturale. Prospettiva Etnomusicologica. Intesa e Richiamo della Tradizione. Vita di Artista e Sfida della Rappresentazione. Abbozzo di una Tipologia dell'Ascoltatore. invenzione del folklore o nostalgia delle Origini. World Music e l'ultima tentazione dell'Occidente. incontro di Culture e Appropriazione dell'Esotismo. Apprendere la Musica dell'Altro: un itinerario Transculturale. fascino della Musica Indiana: Lezioni di una Esperienza Personale. Bibliografia. aGENERI MUSICALI eCodice materia Spics: 7010